000 00975naa a2200277 c 4500
001 40864
003 ES-MaCES
005 20101103112700.0
008 101103n2010 xxu t 000 | eng d
035 _aCES20100012047v
040 _aES-MaCES
_bspa
_cES-MaCES
100 1 _aSherman, Howard
_923991
245 1 0 _aToward a progressive macroeconomic explanation of the recession
_cHoward Sherman
650 4 _anuevo orden económico internacional
_929223
650 4 _aindicador económico
_927073
650 4 _amacroeconomía
_927067
650 4 _aestabilización
_927104
650 4 _afinanciación del déficit
_928135
650 4 _acrisis económica
_927102
650 4 _apolítica financiera
_928124
653 1 0 _aCondiciones económicas
773 0 _tChallenge
_gvol. 53, no. 4 (July-Aug. 2010){10236 R. 077531}; p. 68-85
_w(ES-MaCES)25250
_945460
902 _aART Artículo de revista
942 _2CES
_cAR
_h0.0.
999 _c40864
_d40864